| 000 | 00933nam a2200265 i 4500 | ||
|---|---|---|---|
| 001 | 193552 | ||
| 003 | ES-MaACL | ||
| 005 | 20240903062955.0 | ||
| 008 | 240105s2023 sp ||||| |||| 00| 0 spa d | ||
| 020 | _a9798860281660 | ||
| 040 |
_aES-MaACL _cES-MaACL |
||
| 100 |
_aVivancos, David _9234852 _eaut |
||
| 245 | 1 | 3 |
_aEl fin del conocimiento / _cDavid Vivancos |
| 264 | 1 |
_a[Lugar no identificado] : _bAmazón, _c2023. |
|
| 300 |
_a286 páginas ; _c23 cm |
||
| 650 | 4 |
_913861 _aInteligencia artificial |
|
| 852 |
_aES-MaACL _bR.154828 _cDEPOJ _jN-9645 _hDonación: David Vivancos _9201147 _xEncuadernación cartoné |
||
| 903 |
_9234852 _aVivancos, David _eaut |
||
| 942 |
_n0 _cMONOGRAFIA |
||
| 999 |
_c193552 _d193552 |
||